Break Up In A Small Town-Sam Hunt - Statistics

General Stats
  • This quiz has been taken 28 times
  • The average score is 358 of 475
Answer Stats
Hint Answer % Correct
break
100%
up
100%
a
93%
be
93%
Verse I
93%
in
93%
In
93%
just
93%
me
93%
small
93%
to
93%
When
93%
you
93%
go
86%
her
86%
Bride Her
86%
how
86%
it
86%
see
86%
So
86%
so
86%
the
86%
town
86%
and
79%
around
79%
at
79%
didn't
79%
don't
79%
get
79%
goes
79%
guess
79%
I'd
79%
light
79%
like
79%
Like
79%
never
79%
on
79%
red
79%
Chorus | Soft Chorus She
79%
she
79%
some
79%
that
79%
that's
79%
time
79%
want
79%
We
79%
with
79%
would
79%
back
71%
but
71%
curves
71%
down
71%
"F-
71%
fine
71%
friends
71%
give
71%
it's
71%
It's
71%
knew
71%
know
71%
leave
71%
life
71%
Maxima
71%
mine
71%
my
71%
Or
71%
or
71%
our
71%
out
71%
over
71%
park
71%
party
71%
put
71%
Run
71%
same
71%
she'd
71%
She'd
71%
show
71%
sister
71%
Slow
71%
somebody
71%
stations
71%
sticker
71%
there
71%
They
71%
they
71%
Though
71%
thought
71%
walkin'
71%
where
71%
white
71%
across
64%
act
64%
all
64%
behind
64%
beside
64%
can't
64%
crowds
64%
even
64%
find
64%
flip
64%
go-around
64%
hidin'
64%
house
64%
lights
64%
lot
64%
many
64%
move
64%
needed
64%
not
64%
only
64%
parkin'
64%
She's
64%
streets
64%
Swear
64%
There's
64%
through
64%
way
64%
We'd
64%
along
57%
before
57%
everywhere
57%
gotta
57%
him
57%
keepin'
57%
known
57%
look
57%
lowkey
57%
maybe
57%
pay
57%
pumps
57%
Should've
57%
someone
57%
was
57%
were
57%
car
50%
close
50%
closing
50%
county
50%
'em
50%
far
50%
Verse For
50%
gone
50%
grass
50%
grew
50%
hittin'
50%
home
50%
is
50%
leavin'
50%
lines
50%
little
50%
marks
50%
Now
50%
these
50%
together
50%
too
50%
used
50%
while
50%
yard
50%
arms
43%
drive
43%
else's
43%
fault
43%
fight
43%
from
43%
let
43%
minutes
43%
right
43%
road
43%
say
43%
seven
43%
sittin'
43%
those
43%
wanna
43%
guy!"
36%
jump
36%
mailbox
36%
sometimes
29%
No matching quizzes found
Score Distribution
Percent of People with Each Score
Percentile by Number Answered
Your Score History
You have not taken this quiz